Statistics for Guess The Artist By Letter (A)

Click here to take the quiz!

General Stats

  • This quiz has been taken 122 times
  • The average score is 8 of 18

Answer Stats

HintAnswer% Correct
HelloAdele
88%
RehabAmy Winehouse
82%
ThunderstruckAC/DC
80%
Sk8er BoiAvril Lavigne
74%
RespectAretha Franklin
69%
House of the Rising SunThe Animals
64%
Dream OnAerosmith
63%
Wake Me UpAvicii
58%
Ramblin' ManThe Allman Brother's Band
30%
Sister Golden HairAmerica
28%
Gives You HellThe All American Rejects
28%
Why'd You Only Call Me When You're High?Arctic Monkeys
27%
I RanA Flock of Seagulls
17%
Year of the CatAl Stewart
15%
Honey, I'm GoodAndy Grammer
15%
I'm In A Hurry (And Don't Know Why)Alabama
9%
It Never Rains in Southern CaliforniaAlbert Hammond
7%
Lake Shore DriveAliotta Haynes Jeremiah
2%

Score Distribution

Percentile by Number Answered

Percent of People with Each Score

Your Score History

You have not taken this quiz